Geese find the missing piece : (Record no. 113479)
[ view plain ]
| 000 -LEADER | |
|---|---|
| fixed length control field | 00313nam a2200121 a 4500 |
| 001 - CONTROL NUMBER | |
| control field | 4140 |
| 005 - DATE AND TIME OF LATEST TRANSACTION | |
| control field | 20140414132022.0 |
| 008 - FIXED-LENGTH DATA ELEMENTS--GENERAL INFORMATION | |
| fixed length control field | 090218s19uu xx 00 eng d |
| 050 ## - LIBRARY OF CONGRESS CALL NUMBER | |
| Classification number | TR |
| Item number | G33 1999 |
| 100 ## - MAIN ENTRY--PERSONAL NAME | |
| Personal name | Maestro, Marco |
| 245 ## - TITLE STATEMENT | |
| Title | Geese find the missing piece : |
| Remainder of title | school time riddle rhymes. |
| Withdrawn status | Lost status | Damaged status | Home library | Current library | Shelving location | Date acquired | Total Checkouts | Full call number | Barcode | Date last seen | Price effective from | Koha item type |
|---|---|---|---|---|---|---|---|---|---|---|---|---|
| Munich Library | Munich Library | Teachers Reference Section | 03/11/2009 | TR G33 1999 | M5050 | 04/14/2014 | 04/14/2014 | Books |